书目信息 |
| 题名: |
我希望在这里工作
|
|
| 作者: | ;凤凰空间·北京 编 | |
| 分册: | ||
| 出版信息: | 南京 江苏科学技术出版社 2014.10 |
|
| 页数: | 240页 | |
| 开本: | 26cm | |
| 丛书名: | ||
| 单 册: | ||
| 中图分类: | TU243-64 | |
| 科图分类: | ||
| 主题词: | 办公室--ban gong shi--室内装饰设计--世界--现代--图集 | |
| 电子资源: | ||
| ISBN: | 978-7-5537-3845-1 | |
| 000 | 00974nam0 2200253 450 | |
| 001 | 0109110137 | |
| 005 | 20201109110336.0 | |
| 010 | @a978-7-5537-3845-1@b精装@dCNY248.00 | |
| 100 | @a20150105e20202014em y0chiy50 ea | |
| 101 | 0 | @achi@eeng |
| 102 | @aCN@b320000 | |
| 105 | @aa z 000yy | |
| 106 | @ar | |
| 200 | 1 | @a我希望在这里工作@Awo xi wang zai zhe li gong zuo@dI wish I worked here@f凤凰空间·北京编@zeng |
| 210 | @a南京@c江苏科学技术出版社@d2014.10@h2020.07 | |
| 215 | @a240页@c图@d26cm | |
| 300 | @a理想空间 | |
| 330 | @a本书精选23个新建或改造的办公室空间设计案例,每个案例均配有平面设计图纸、全彩插图和详细的设计说明,给读者带来全新的空间设计感受,赋予办公室空间以新的定义与诠释。 | |
| 510 | 1 | @aI wish I worked here@zeng |
| 606 | 0 | @a办公室@Aban gong shi@x室内装饰设计@y世界@z现代@j图集 |
| 690 | @aTU243-64@v5 | |
| 711 | 02 | @a凤凰空间·北京@Afeng huang kong jian · bei jing@4编 |
| 801 | 0 | @aCN@bBJSZM@c20201103 |
| 905 | @b1213595-6@dTU243-64@e1695@f2 | |
| 我希望在这里工作=I wish I worked here/凤凰空间·北京编.-南京:江苏科学技术出版社,2014.10(2020.07) |
| 240页:图;26cm |
| 理想空间 |
| ISBN 978-7-5537-3845-1(精装):CNY248.00 |
| 本书精选23个新建或改造的办公室空间设计案例,每个案例均配有平面设计图纸、全彩插图和详细的设计说明,给读者带来全新的空间设计感受,赋予办公室空间以新的定义与诠释。 |
| ● |
| 相关链接 |
|
|
|
|
正题名:我希望在这里工作
索取号:TU243-64/1695
 
预约/预借
| 序号 | 登录号 | 条形码 | 馆藏地/架位号 | 状态 | 备注 |
| 1 | 1213595 | 212135955 | 第二样本阅览室/ [索取号:TU243-64/1695] | 在馆 | |
| 2 | 1213596 | 212135964 | 第三借阅区/ [索取号:TU243-64/1695] | 在馆 |